书目信息 |
| 题名: |
工程制图
|
|
| 作者: | 殷青英 主编 | |
| 分册: | ||
| 出版信息: | 北京 人民交通出版社 2003.08 |
|
| 页数: | 209页 | |
| 开本: | 26cm | |
| 丛书名: | ||
| 单 册: | ||
| 中图分类: | TB23 | |
| 科图分类: | ||
| 主题词: | 工程制图--中等专业教育--教材 , 工程制图 | |
| 电子资源: | ||
| ISBN: | 7-114-04699-5 | |
| 000 | 00915nam0 2200265 450 | |
| 001 | 1140743704 | |
| 005 | 20111228111945.90 | |
| 010 | @a7-114-04699-5@dCNY25.00 | |
| 090 | @aTB23@byqy | |
| 096 | @aTB23@byqy | |
| 100 | @a20031010d2003 em y0chiy50 ea | |
| 101 | 0 | @achi |
| 102 | @aCN@b110000 | |
| 105 | @ay z 000yy | |
| 200 | 1 | @a工程制图@b专著@f殷青英主编@9gong cheng zhi tu |
| 210 | @a北京@c人民交通出版社@d2003.08 | |
| 215 | @a209页@d26cm | |
| 300 | @a中等职业教育国家规划教材配套教材 公路与桥梁专业 | |
| 330 | @a本教材内容涵盖制图基础知识,介绍组合形体的表达方式与规定画法;画法几何,介绍图示理论与方法;专业制图,介绍道路工程、桥隧工程等各类工程图的图示特点等。 | |
| 606 | 0 | @a工程制图@x中等专业教育@j教材 |
| 606 | 0 | @a工程制图 |
| 690 | @aTB23@v4 | |
| 701 | 0 | @a殷青英@c(女,@f1960~)@4主编@9yin qing ying |
| 801 | 0 | @aCN@b大连网信软件有限公司图书馆·11@c20111228 |
| 905 | @aZUCC@dTB23@eY585 | |
| 工程制图/殷青英主编.-北京:人民交通出版社,2003.08 |
| 209页;26cm |
| 中等职业教育国家规划教材配套教材 公路与桥梁专业 |
| ISBN 7-114-04699-5:CNY25.00 |
| 本教材内容涵盖制图基础知识,介绍组合形体的表达方式与规定画法;画法几何,介绍图示理论与方法;专业制图,介绍道路工程、桥隧工程等各类工程图的图示特点等。 |
| ● |
| 相关链接 |
|
|
|
正题名:工程制图
索取号:TB23/Y585
 
预约/预借
| 序号 | 登录号 | 条形码 | 馆藏地/架位号 | 状态 | 备注 |
| 1 | 843793 | 208437930 | 期刊室512/501自科库 6排3列4层/ [索取号:TB23/Y585] | 在馆 | |
| 2 | 843794 | 208437949 | 自科库501/501自科库 6排3列4层/ [索取号:TB23/Y585] | 在馆 | |
| 3 | 843795 | 208437958 | 自科库501/501自科库 6排3列4层/ [索取号:TB23/Y585] | 在馆 |